000 01234nam a2200277 i 4500
001 65588
003 ES-MaACL
005 20250811072028.0
007 t|
008 040116s1983 sp ||||1| spa d
020 _a84-7481-296-9
080 _a930.25(460.27 M)Ministerio de Obras Públicas y Urbanismo(026)
110 1 _aEspaña.
_bMinisterio de Obras Públicas y Urbanismo
_93917
245 1 0 _aGuía del Archivo General del Ministerio de Obras Públicas y Urbanismo :
_b(fondos documentales de Obras Públicas) /
_cConcepción de la Fuente Cobos ; colaboración, Ana Fernández Reymonde, Diana Checa, Mª del Carmen Míguez.
260 _aMadrid :
_bDirección General de Bellas Artes y Archivos,
_c1983.
300 _a132 p. :
_bil. ;
_c22 cm.
504 _aBibliografía: p. 114-125.
610 1 4 _aEspaña.
_bMinisterio de Obras Públicas y Urbanismo.
_bArchivo General.
_93918
700 1 _aFuente Cobos, Concepción de la.
_952865
700 1 _aFernández Reymonde, Ana.
_9174550
700 1 _aCheca, Diana.
_9174551
700 1 _aMíguez, María del Carmen.
_9174552
710 1 _aEspaña.
_bDirección General de Bellas Artes y Archivos.
_93708
852 4 _aES-MaACL
_jL-4457
999 _c65588
_d65588